| 000 | 00670 a2200229 4500 | ||
|---|---|---|---|
| 000 | BKB | ||
| 001 | 137884 | ||
| 005 | 20200902153329.0 | ||
| 008 | |||
| 020 | _a9780199203475 | ||
| 082 |
_a823.8 _bE44A |
||
| 100 | 1 | _aEliot, George | |
| 245 | 1 |
_aAdam bede _cby George Eliot ; edited with an introduction and notes by Carol A. Martin |
|
| 260 |
_aOxford _bOxford University Press _c2008 |
||
| 300 | _a541p. | ||
| 490 |
_aOxford world's classics _v |
||
| 630 | _aEnglish | ||
| 690 | _aInfanticide | ||
| 690 | _aTriangles (Interpersonal relations) | ||
| 690 | _aWomen clergy | ||
| 700 |
_aMartin, Carol A ed. _b _c |
||
| 999 |
_c10795 _d10795 |
||